[Event "Wch FRA"]
[Site "Vichy"]
[Date "2000.08.24"]
[Round "8"]
[White "Sebag, Marie"]
[Black "Costagliola, Marina"]
[Result "1-0"]
[WhiteElo "2227"]
[BlackElo "2236"]
[PlyCount "65"]
[EventDate "2000.09.??"]

1. e4 c5 2. Nf3 Nc6 3. Nc3 a6 4. d4 cxd4 5. Nxd4 e5 6. Nf5 d6 7. Ne3 Be6 8.
Ncd5 Nf6 9. Nxf6+ Qxf6 10. Nd5 Bxd5 11. exd5 Ne7 12. c4 Rd8 13. Bd3 Qh4 14. O-O
f5 15. Be3 g6 16. g3 Qf6 17. Bc2 Bg7 18. Bb6 Ra8 19. Ba4+ Kf8 20. c5 e4 21. Bc7
dxc5 22. d6 b5 23. dxe7+ Kxe7 24. Qd5 bxa4 25. Qb7 25... Qxb2 { } 26. Bd8+ Kxd8
27. Rad1+ Ke8 28. Qxa8+ (28. Qc6+ $1 28... Kf8 29. Rd7 Qe5 30. Qxa8+ Qe8 31.
Rd8 $18) 28... Kf7 29. Qa7+ Kf6 30. Rd6+ Kg5 31. Qe7+ Bf6 32. Rxf6 Qxf6 33. h4+
1-0

[Event "Wch FRA"]
[Site "Vichy"]
[Date "2000.08.24"]
[Round "8"]
[White "Te-Lallemand, Rosa"]
[Black "Milliet, Sophie"]
[Result "0-1"]
[WhiteElo "2289"]
[BlackElo "2123"]
[PlyCount "102"]
[EventDate "2000.09.??"]

1. Nf3 d5 2. b3 Nf6 3. Bb2 Bf5 4. c4 e6 5. g3 Be7 6. Bg2 h6 7. O-O O-O 8. d3
Nbd7 9. Nbd2 c6 10. Re1 Bh7 11. a3 Ne8 12. b4 Bf6 13. d4 Nd6 14. c5 Ne4 15. Ne5
Nxd2 16. Qxd2 Qc7 17. f4 Be7 18. Ng4 Nf6 19. Nf2 Qd7 20. Qe3 Rfd8 21. Rf1 Qe8
22. g4 a5 23. bxa5 Rxa5 24. g5 hxg5 25. fxg5 Nd7 26. h4 b6 27. h5 Rb5 28. Ra2
bxc5 29. g6 fxg6 30. Qxe6+ Kh8 31. hxg6 Bxg6 32. dxc5 Nxc5 33. Qh3+ Kg8 34. Bd4
Ne4 35. Nxe4 dxe4 36. Qe6+ Bf7 37. Rxf7 Qxf7 38. Qxf7+ Kxf7 39. e3 c5 40. Be5
Rd1+ 41. Kh2 c4 42. Bd4 Bf6 43. Rf2 Ke7 44. Bxf6+ gxf6 45. Rc2 Rc5 46. Bxe4 c3
47. Kg3 f5 48. Bf3 Rd2 49. Rc1 Rb2 50. e4 c2 51. exf5 Rb1 0-1

[Event "Wch FRA"]
[Site "Vichy"]
[Date "2000.08.26"]
[Round "9"]
[White "Dubois, Martine"]
[Black "Roumegous, Marina"]
[Result "1/2-1/2"]
[WhiteElo "2084"]
[BlackElo "2211"]
[PlyCount "49"]
[EventDate "2000.09.??"]

1. e4 c6 2. Nc3 d5 3. Qf3 d4 4. Bc4 e6 5. Nce2 c5 6. Qb3 Nf6 7. e5 Nfd7 8. f4
Nc6 9. Qh3 Nb4 10. Bb3 Nb6 (10... c4 11. Ba4 d3 12. Nd4 (12. cxd3 b5 13. Bd1
Nxd3+ 14. Kf1 14... Bb7 $17) (12. c3 Nd5 13. Nd4 Nxf4 14. Qg3 14... Qh4 $17)
12... Qa5 13. Bxd7+ Bxd7 14. c3 Nxa2 15. Ngf3 Be7 16. Qg3 O-O 17. O-O Bc5 18.
Kh1 18... Qa4 $17 {Fritz}) 11. a3 Nc6 12. d3 a5 13. Nf3 a4 14. Ba2 Ne7 15. Ng5
Ng6 16. f5 Nxe5 17. fxe6 c4 18. Nxf7 Nxf7 19. exf7+ Kxf7 20. O-O+ Kg8 21. Qf3
Be6 22. Qe4 Qd5 23. Qh4 Qd7 24. Nf4 Be7 25. Qe1 1/2-1/2

[Event "Wch FRA"]
[Site "Vichy"]
[Date "2000.08.25"]
[Round "9"]
[White "Dacalor, Aurelie"]
[Black "Leconte, Maria"]
[Result "1-0"]
[WhiteElo "2126"]
[BlackElo "2289"]
[PlyCount "79"]
[EventDate "2000.09.??"]

1. d4 e6 2. c4 d5 3. Nc3 c5 4. dxc5 d4 5. Ne4 Nc6 6. Nf3 Bxc5 7. Nxc5 Qa5+ 8.
Bd2 Qxc5 9. e3 e5 10. Qa4 Bd7 11. b4 Qe7 12. b5 dxe3 13. fxe3 e4 14. Nd4 Nxd4
15. exd4 e3 16. Bc3 Qh4+ 17. g3 Qe4 18. Rg1 e2 19. Kd2 exf1=Q 20. Raxf1 Ne7 21.
Re1 Qg4 22. Qa3 Be6 23. d5 Rd8 24. Kc1 Nxd5 25. cxd5 Rxd5 26. Rgf1 Rxb5 27. Rf4
Qg6 28. Ree4 Qg5 29. Bd4 Qd5 30. Bxg7 Rg8 31. Bf6 Rc5+ 32. Bc3 Rg5 33. Rd4 Qh1+
34. Rd1 Qc6 35. Kb2 Rb5+ 36. Ka1 Rgc5 37. Rfd4 a5 38. Rd6 Qe4 39. Bf6 Bd7 40.
Rxd7 1-0

[Event "Wch FRA"]
[Site "Vichy"]
[Date "2000.08.26"]
[Round "9"]
[White "Bonnafous, Nathalie"]
[Black "Te-Lallemand, Rosa"]
[Result "1/2-1/2"]
[WhiteElo "2035"]
[BlackElo "2289"]
[PlyCount "59"]
[EventDate "2000.09.??"]

1. Nf3 Nf6 2. g3 g6 3. Bg2 Bg7 4. O-O O-O 5. d3 d6 6. e4 Nc6 7. Nc3 Bd7 8. h3
Qc8 9. Kh2 Rb8 10. Be3 a6 11. a4 Ne5 12. Nxe5 dxe5 13. a5 e6 14. f4 exf4 15.
gxf4 Re8 16. Qe1 e5 17. f5 Nh5 18. Qh4 Bc6 19. Bg5 h6 20. fxg6 fxg6 21. Be3 Nf4
22. Bf3 g5 23. Qg3 Kh8 24. h4 gxh4 25. Qxh4 Qd8 26. Qg3 Bf6 27. Rg1 Rg8 28.
Qxg8+ Qxg8 29. Rxg8+ Kxg8 30. Ne2 1/2-1/2

[Event "Wch FRA"]
[Site "Vichy"]
[Date "2000.08.25"]
[Round "9"]
[White "Costagliola, Marina"]
[Black "Muller, Anne"]
[Result "0-1"]
[WhiteElo "2236"]
[BlackElo "2135"]
[PlyCount "94"]
[EventDate "2000.09.??"]

1. e4 c5 2. Nf3 d6 3. Nc3 Nc6 4. g3 g6 5. Bg2 Bg7 6. O-O Nf6 7. Rb1 O-O 8. a3
Rb8 9. d3 b5 10. b4 cxb4 11. axb4 a5 12. bxa5 Qxa5 13. Ne2 Bd7 14. h3 Rfc8 15.
Be3 Qc7 16. Ne1 b4 17. Qd2 Be6 18. f4 Qd7 19. g4 Ne8 20. f5 Ba2 21. fxg6 hxg6
22. Rc1 b3 23. cxb3 Bxb3 24. Bh6 Ne5 25. Bxg7 Kxg7 26. Rxc8 Qxc8 27. d4 Nc6 28.
Ng3 Nf6 29. Nf3 Qa6 30. d5 Qb6+ 31. Kh2 Ne5 32. Nxe5 dxe5 33. Qg5 Rh8 34. Qxe5
Kf8 35. Qf4 Bc4 36. Re1 Qd4 37. Rb1 Kg7 38. Rb7 Bxd5 39. Rxe7 Be6 40. Bf1 Nxg4+
41. Kg2 Ne3+ 42. Kh2 Nxf1+ 43. Nxf1 Rxh3+ 44. Kg2 Rc3 45. Re8 Rc2+ 46. Kg3 Qg1+
47. Kh4 Qh1+ 0-1

[Event "Wch FRA"]
[Site "Vichy"]
[Date "2000.08.26"]
[Round "9"]
[White "Milliet, Sophie"]
[Black "Flear, Christine"]
[Result "0-1"]
[WhiteElo "2131"]
[BlackElo "2230"]
[PlyCount "186"]
[EventDate "2000.09.??"]

1. e4 c5 2. f4 d5 3. Nc3 dxe4 4. Nxe4 Nd7 5. Nf3 Ngf6 6. Nxf6+ Nxf6 7. Bb5+ Bd7
8. Bxd7+ Qxd7 9. O-O g6 10. d3 Bg7 11. Qe1 O-O 12. Ne5 Qe6 13. Qh4 Nd7 14. Ng4
Qf5 15. Bd2 h5 16. Ne3 Bd4 17. Rae1 Qf6 18. Qh3 e6 19. c3 Bxe3+ 20. Bxe3 Qf5
21. Qf3 b6 22. Rd1 Nf6 23. a4 Rad8 24. Bf2 Rd7 25. Bh4 Rfd8 26. Bxf6 Qxf6 27.
Qe4 Rd5 28. Rfe1 a6 29. Rd2 b5 30. axb5 axb5 31. Ra1 Qe7 32. g3 Qd6 33. Ra5 Qb6
34. Ra1 Qd6 35. Ra5 Qb6 36. Ra1 b4 37. Qc4 bxc3 38. bxc3 Kh7 39. Kg2 Rxd3 40.
Rxd3 Qb2+ 41. Kf3 Rxd3+ 42. Qxd3 Qxa1 43. h4 Qh1+ 44. Kf2 Qd5 45. Qe2 Kg7 46.
c4 Qd4+ 47. Kg2 Kf6 48. Kh2 Kf5 49. Qf1 Qd2+ 50. Kh3 Ke4 51. Qh1+ Kd4 52. Qb7
Qd3 53. Kh2 Qc2+ 54. Kg1 Kxc4 55. Qxf7 Qe4 56. Qe7 Qe3+ 57. Kh2 Kb3 58. Qb7+
Kc2 59. Qf7 Qe4 60. Qa7 Qe2+ 61. Kh3 c4 62. Qa4+ Kd2 63. Qa2+ Kd3 64. Qb1+ Qc2
65. Qb5 Kd2 66. Qb4+ c3 67. Qd4+ Qd3 68. Qf2+ Kc1 69. Qg1+ Qd1 70. Qe3+ Kb2 71.
Qb6+ Qb3 72. Qd4 Qd5 73. Qb6+ Qb3 74. Qd4 Kb1 75. Qg1+ Ka2 76. Qa7+ Qa3 77.
Qf2+ Qb2 78. Qa7+ Kb1 79. Qg1+ Qc1 80. Qb6+ Kc2 81. Qf2+ Qd2 82. Qb6 Kd1 83.
Qg1+ Ke2 84. Qg2+ Kd3 85. Qf3+ Kd4 86. Qc6 c2 87. Qd6+ Ke3 88. Qc5+ Ke2 89.
Qc4+ Kf2 90. Qc5+ Kf1 91. Qc4+ Qe2 92. Qc6 Kg1 93. Qc5+ Qf2 0-1

[Event "Wch FRA"]
[Site "Vichy"]
[Date "2000.08.27"]
[Round "10"]
[White "Leconte, Maria"]
[Black "Milliet, Sophie"]
[Result "1-0"]
[WhiteElo "2289"]
[BlackElo "2131"]
[PlyCount "71"]
[EventDate "2000.09.??"]

1. e4 e5 2. Nf3 Nf6 3. Nxe5 d6 4. Nf3 Nxe4 5. Nc3 Nxc3 6. dxc3 Be7 7. Bf4 Nc6
8. Qd2 Bf5 9. O-O-O Qd7 10. h3 a6 11. Bc4 O-O 12. Kb1 Rab8 13. Bd5 b5 14. Rhe1
Na5 15. Nd4 Bg6 16. Bg5 Bxg5 17. Qxg5 b4 18. Re7 Qd8 19. cxb4 Rxb4 20. a3 Rb6
21. Qe3 c6 22. Ba2 d5 23. Re1 c5 24. Nf3 d4 25. Qg5 d3 26. cxd3 Qxd3+ 27. Ka1
Qb5 28. Qd2 Rfb8 29. Ng5 h6 30. Nxf7 Nb3+ 31. Bxb3 Qxb3 32. Re8+ Rxe8 33. Rxe8+
Kxf7 34. Qd7+ Kf6 35. Qe7+ Kf5 36. Qe5# 1-0

[Event "Wch FRA"]
[Site "Vichy"]
[Date "2000.08.28"]
[Round "11"]
[White "Milliet, Sophie"]
[Black "Dubois, Martine"]
[Result "0-1"]
[WhiteElo "2131"]
[BlackElo "2084"]
[PlyCount "76"]
[EventDate "2000.09.??"]

1. e4 d5 2. exd5 Qxd5 3. Nc3 Qd6 4. d4 Nf6 5. Nf3 a6 6. Be3 Qb4 7. Qd2 Qxb2 8.
Rb1 Qa3 9. Ne5 e6 10. Nc4 Qe7 11. Be2 Nc6 12. Bf3 Nb4 13. O-O Qd8 14. Rfe1 Be7
15. Bg5 Nbd5 16. Nxd5 Nxd5 17. Bxe7 Nxe7 18. Bxb7 Bxb7 19. Rxb7 O-O 20. Qf4 Ng6
21. Qg4 h5 22. Qxh5 Qxd4 23. Rxc7 Nf4 24. Qg4 Rad8 25. Ne3 Qd2 26. Rf1 Ne2+ 27.
Kh1 Rd4 28. Qh5 g6 29. Qe5 {Les feuilles de partie indechiffrables, ajoutees
au manque de cooperation de Sophie Milliet pour reconstituer la position
exacte, nous forcent a poursuivre la partie en considerant que 29...Tfd8 est
le coup vraisemblablement  joue.} 29... Rfd8 30. h3 30... Rf4 { } 31. Ng4 $4 (
31. Rd1 Ng3+ (31... Qxd1+ 32. Nxd1 Ng3+ 33. fxg3 Rf1+ 34. Kh2 $18) 32. fxg3
Qxd1+ 33. Nxd1 Rf1+ 34. Kh2 Rfxd1 35. Qf6 $18) 31... Ng3+ 32. fxg3 Rxf1+ 33.
Kh2 Qd4 34. Nh6+ Kf8 35. Qxd4 Rxd4 36. c4 Rd2 37. Rc8+ Kg7 38. g4 Rdd1 0-1

[Event "Wch FRA"]
[Site "Vichy"]
[Date "2000.08.28"]
[Round "11"]
[White "Costagliola, Marina"]
[Black "Flear, Christine"]
[Result "1/2-1/2"]
[WhiteElo "2236"]
[BlackElo "2230"]
[PlyCount "69"]
[EventDate "2000.09.??"]

1. e4 c5 2. Nc3 Nc6 3. g3 g6 4. Bg2 Bg7 5. d3 d6 6. Be3 e6 7. Qd2 Qa5 8. Nh3 h5
9. O-O Nf6 10. f3 Bd7 11. a3 O-O 12. Bh6 Nd4 13. Rf2 e5 14. Raf1 b5 15. Bg5 Nh7
16. Be7 Rfe8 17. Bh4 Rab8 18. f4 Bh6 19. Qe1 exf4 20. gxf4 f5 21. Qe3 fxe4 22.
Qg3 Bg4 23. Bxe4 Nf5 24. Bxf5 Bxf5 25. Nd5 Rb7 26. Ng5 Bg7 27. Nxh7 Kxh7 28.
Bf6 Re6 29. Qg5 Rf7 30. Bxg7 Kxg7 31. Qg3 b4 32. axb4 cxb4 33. Ne3 Qc5 34. Re1
Kh7 35. Ng2 1/2-1/2

[Event "Wch FRA"]
[Site "Vichy"]
[Date "2000.08.28"]
[Round "11"]
[White "Marchadour, Claire"]
[Black "Te-Lallemand, Rosa"]
[Result "0-1"]
[WhiteElo "2121"]
[BlackElo "2289"]
[PlyCount "52"]
[EventDate "2000.09.??"]

1. e4 c5 2. Nf3 d6 3. d4 cxd4 4. Nxd4 Nf6 5. Nc3 Nc6 6. f3 e5 7. Nb3 Be7 8. Be3
Be6 9. Qd2 a6 10. g4 d5 11. g5 d4 12. gxf6 Bxf6 13. O-O-O dxe3 14. Qxe3 Nd4 15.
Kb1 Qc7 16. Qf2 O-O-O 17. h4 Kb8 18. Bh3 Rd6 19. Bxe6 fxe6 20. h5 h6 21. Rd3
Rc6 22. Rhd1 Rc8 23. f4 Nxb3 24. cxb3 exf4 25. Rd7 Qe5 26. Na4 Qxe4+ 0-1

[Event "Wch FRA"]
[Site "Vichy"]
[Date "2000.08.28"]
[Round "11"]
[White "Dacalor, Aurelie"]
[Black "Roumegous, Marina"]
[Result "0-1"]
[WhiteElo "2126"]
[BlackElo "2211"]
[PlyCount "69"]
[EventDate "2000.09.??"]

1. d4 Nf6 2. c4 e6 3. Nc3 Bb4 4. Bg5 c5 5. d5 d6 6. Rc1 exd5 7. cxd5 Nbd7 8. a3
Ba5 9. e4 h6 10. Bd2 O-O 11. f3 Qe7 12. Nge2 Nh5 13. Qc2 Ne5 14. f4 Nc4 15. g3
f5 16. Qa4 b5 17. Qxb5 Nxd2 18. Kxd2 Qxe4 19. Rg1 Bxc3+ 20. Rxc3 Qe7 21. Re3
Qd8 22. Nc3 Bd7 23. Qe2 Nf6 24. Bg2 Qb6 25. Kc1 Ng4 26. Re7 Rae8 27. Re1 Rxe7
28. Qxe7 Re8 29. Qxe8+ Bxe8 30. Rxe8+ Kf7 31. Re2 c4 32. h3 Qg1+ 33. Kd2 Nf2
34. Bf3 Nd3 35. Re5 0-1

[Event "FRA Ch Tie Break"]
[Site "Vichy"]
[Date "2000.08.27"]
[Round "12.2"]
[White "Costagliola, Marina"]
[Black "Muller, Anne"]
[Result "1-0"]
[WhiteElo "2135"]
[BlackElo "2236"]
[PlyCount "69"]
[EventDate "2000.??.??"]

1. e4 c5 2. Nc3 Nc6 3. g3 g6 4. Bg2 Bg7 5. d3 d6 6. Be3 Rb8 7. Qd2 b5 8. Nf3 b4
9. Nd1 e6 10. O-O Nge7 11. Bh6 O-O 12. Bxg7 Kxg7 13. Ne3 e5 14. h3 f6 15. Nh2
Be6 16. f4 Bg8 17. h4 Nd4 18. fxe5 fxe5 19. Neg4 Nec6 20. c3 bxc3 21. bxc3 Ne6
22. Rxf8 Nxf8 23. Rf1 Nd7 24. h5 Qe8 25. Qh6+ Kh8 26. Nf6 Nxf6 27. Rxf6 gxh5
28. Rxd6 Rb1+ 29. Bf1 Bf7 30. Qf6+ Kg8 31. Rxc6 Bxa2 32. Rd6 Rb8 33. c4 a5 34.
Nf3 a4 35. Qg5+ 1-0